BGMEA University of Fashion and Technology
University Library

Strategic management and business policy : (Record no. 3080)

MARC details
000 -LEADER
fixed length control field 00819nam a22002537a 4500
001 - CONTROL NUMBER
control field 3080
003 - CONTROL NUMBER IDENTIFIER
control field BD-DhBUF
005 - DATE AND TIME OF LATEST TRANSACTION
control field 20260518162158.0
008 - FIXED-LENGTH DATA ELEMENTS--GENERAL INFORMATION
fixed length control field 260518b bg ||||| |||| 00| 0 ben d
020 ## - INTERNATIONAL STANDARD BOOK NUMBER
International Standard Book Number 9789361596124
040 ## - CATALOGING SOURCE
Original cataloging agency BD-DhBUF
Transcribing agency BD-DhBUF
100 ## - MAIN ENTRY--PERSONAL NAME
Personal name Bamford, Charles E
9 (RLIN) 4415
245 ## - TITLE STATEMENT
Title Strategic management and business policy :
Remainder of title globalization, innovation and sustainability /
Statement of responsibility, etc. Charles E Bamford, Alan N. Hoffman, Purva Kansal, Thomas L. Wheelen, J. David Hunger,
260 ## - PUBLICATION, DISTRIBUTION, ETC.
Place of publication, distribution, etc. India :
Name of publisher, distributor, etc. Pearson,
Date of publication, distribution, etc. C 2025.
300 ## - PHYSICAL DESCRIPTION
Extent xxxii, 570p. :
Dimensions 25cm .;
526 ## - STUDY PROGRAM INFORMATION NOTE
Program name BBA
650 ## - SUBJECT ADDED ENTRY--TOPICAL TERM
Source of heading or term Business
650 ## - SUBJECT ADDED ENTRY--TOPICAL TERM
Topical term or geographic name entry element Management
700 ## - ADDED ENTRY--PERSONAL NAME
Personal name Hoffman, Alan N.
9 (RLIN) 4416
700 ## - ADDED ENTRY--PERSONAL NAME
Personal name Kansal, Purva
9 (RLIN) 4417
700 ## - ADDED ENTRY--PERSONAL NAME
Personal name Wheelen, Thomas L.
9 (RLIN) 4418
700 ## - ADDED ENTRY--PERSONAL NAME
Personal name Hunger, J. David
9 (RLIN) 4419
942 ## - ADDED ENTRY ELEMENTS (KOHA)
Source of classification or shelving scheme Dewey Decimal Classification
Koha item type Books
Holdings
Withdrawn status Lost status Source of classification or shelving scheme Damaged status Not for loan Home library Current library Date acquired Total Checkouts Barcode Date last seen Copy number Price effective from Koha item type Source of acquisition
    Dewey Decimal Classification     BUFT Library BUFT Library 05/16/2026   2026-0057 05/18/2026 C-1 05/18/2026 Books  
    Dewey Decimal Classification     BUFT Library BUFT Library 05/16/2026   2026-0058 05/18/2026 C-2 05/18/2026 Books Donation ( Mr. Faruque Hassan. Chairman, BUFT )
Copyright © 2019-2023 | BUFT Library
BGMEA University of Fashion and Technology
Library Home | University Home
| Maintained by Library Team